<?xml version="1.0" encoding="UTF-8"?>
<record
    xmlns:xsi="http://www.w3.org/2001/XMLSchema-instance"
    xsi:schemaLocation="http://www.loc.gov/MARC21/slim http://www.loc.gov/standards/marcxml/schema/MARC21slim.xsd"
    xmlns="http://www.loc.gov/MARC21/slim">

  <leader>00623nam a2200193 a 4500</leader>
  <controlfield tag="008">161215t1995    pn a|||g  ||| 001 p spa d</controlfield>
  <datafield tag="020" ind1=" " ind2=" ">
    <subfield code="a">S/N</subfield>
  </datafield>
  <datafield tag="041" ind1=" " ind2=" ">
    <subfield code="a">spa</subfield>
  </datafield>
  <datafield tag="092" ind1=" " ind2=" ">
    <subfield code="c">808.8</subfield>
    <subfield code="l">84</subfield>
    <subfield code="s">TOM</subfield>
  </datafield>
  <datafield tag="100" ind1="1" ind2=" ">
    <subfield code="a">Tom&#xE1;s Fitzgerald, Consuelo</subfield>
    <subfield code="9">3517</subfield>
  </datafield>
  <datafield tag="245" ind1=" " ind2="3">
    <subfield code="a">El cuarto Eden /</subfield>
    <subfield code="c">Consuelo Tom&#xE1;s Fitzgerald</subfield>
  </datafield>
  <datafield tag="250" ind1=" " ind2=" ">
    <subfield code="a">1a ed.</subfield>
  </datafield>
  <datafield tag="260" ind1=" " ind2=" ">
    <subfield code="a">S/L:</subfield>
    <subfield code="b">Epic Publications Panam&#xE1;;</subfield>
    <subfield code="c">1995.</subfield>
  </datafield>
  <datafield tag="300" ind1=" " ind2=" ">
    <subfield code="a">32 p.</subfield>
  </datafield>
  <datafield tag="500" ind1=" " ind2=" ">
    <subfield code="a">Tom&#xE1;s Fitzgerald, C. (1995). El cuarto Ed&#xE9;n. (1a ed.). S/L : Epic Publications Panam&#xE1;.</subfield>
  </datafield>
  <datafield tag="590" ind1=" " ind2=" ">
    <subfield code="a">Proyecto 4to libro.Donaci&#xF3;n M&#xF3;nica Reyna, Febrero 2018.</subfield>
  </datafield>
  <datafield tag="655" ind1=" " ind2=" ">
    <subfield code="a">Poesia</subfield>
    <subfield code="9">2929</subfield>
  </datafield>
  <datafield tag="942" ind1=" " ind2=" ">
    <subfield code="2">ddc</subfield>
    <subfield code="c">LIT</subfield>
  </datafield>
  <datafield tag="999" ind1=" " ind2=" ">
    <subfield code="c">2671</subfield>
    <subfield code="d">2671</subfield>
  </datafield>
  <datafield tag="952" ind1=" " ind2=" ">
    <subfield code="0">0</subfield>
    <subfield code="1">0</subfield>
    <subfield code="2">ddc</subfield>
    <subfield code="4">0</subfield>
    <subfield code="7">0</subfield>
    <subfield code="a">BFM</subfield>
    <subfield code="b">BFM</subfield>
    <subfield code="c">CR</subfield>
    <subfield code="d">2018-02-21</subfield>
    <subfield code="e">Proyecto 4to libro.Donaci&#xF3;n M&#xF3;nica Reyna, Febrero 2018.</subfield>
    <subfield code="l">0</subfield>
    <subfield code="o">808.8 84 TOM</subfield>
    <subfield code="p">4180</subfield>
    <subfield code="r">2018-02-21</subfield>
    <subfield code="t">Ej. 1</subfield>
    <subfield code="w">2018-02-21</subfield>
    <subfield code="y">LIT</subfield>
    <subfield code="z">Proyecto 4to libro.Donaci&#xF3;n M&#xF3;nica Reyna, Febrero 2018.</subfield>
  </datafield>
</record>
